Statistics for Happy NF- lyrics

Click here to take the quiz!

General Stats

  • This quiz has been taken 124 times
  • The average score is 204 of 308

Answer Stats

HintAnswer% Correct
a
100%
I
100%
go
99%
be
97%
know
97%
it
96%
me
96%
and
94%
by
94%
out
94%
been
93%
God
93%
in
93%
in-
93%
my
93%
Verse 1:Dear
91%
its
91%
livin
91%
up
90%
who
90%
years
90%
agony
88%
couple
88%
dont
88%
don't
88%
Bridge:Don't
88%
Hear
88%
the
88%
to
88%
what
88%
you
87%
flames
85%
said
85%
thing
85%
watching
85%
Since
84%
so
84%
when
84%
When
84%
Ive
82%
I've
82%
no
82%
reached
82%
self-esteem
82%
hello
81%
how
81%
like
81%
care
79%
feel
79%
but
78%
But
78%
Living
78%
on
78%
You're
78%
bet
76%
should
76%
Why
76%
why
76%
wondering
76%
acting
75%
keep
75%
that
75%
anyone
73%
else
73%
things
73%
thinks
73%
truth
73%
happy
72%
Im
72%
I'm
72%
life
70%
selfish
70%
excuse
69%
is
69%
little
69%
memories
69%
stressin
69%
furthest
67%
have
67%
if
67%
If
67%
truthfully
67%
soaking
66%
true
66%
from
64%
give
64%
hanging
64%
live
64%
all
63%
more
63%
was
63%
can't
61%
cant
61%
Obsessing
61%
open
61%
Thats
61%
comfortable
60%
I'd
60%
this
60%
too
58%
ask
57%
help
57%
need
57%
proud
55%
threads
55%
of
52%
trapped
52%
just
51%
some
51%
Some
51%
pick
49%
pull
49%
depressed
46%
not
45%
got
43%
issues
42%
long
42%
way
40%
ya
39%
feels
37%
won't
36%
yet
36%
address
34%
off
34%
with
34%
ain't
33%
baggage
33%
whole
33%
Verse 2:Yeah,
33%
demons
30%
family
30%
hand
30%
members
27%
opened
27%
rest
27%
admit
25%
hold
25%
put
25%
connect
24%
last
24%
lonely
22%
avoidin'
21%
first
21%
hurtful
21%
let
21%
really
19%
rebuild
19%
soul
19%
words
19%
lips
18%
never
18%
phone
18%
at
16%
bridges
16%
future
16%
left
16%
ready
16%
slip
16%
wish
16%
burned
15%
down
13%
hope
13%
I'll
13%
Losin
13%
should've
13%
road
12%
strange
12%
home
10%
most
10%
around
9%
somethin's
9%
OutroOh
7%
oh
7%
dangerous
6%
whats
6%
bend
4%
woulda
4%
headed
3%

Score Distribution

Percentile by Number Answered

Percent of People with Each Score

Your Score History

You have not taken this quiz